Pagpapakatao : (Record no. 9995)

MARC details
000 -LEADER
fixed length control field 00680nam a22002057a 4500
003 - CONTROL NUMBER IDENTIFIER
control field OSt
005 - DATE AND TIME OF LATEST TRANSACTION
control field 20260428024555.0
008 - FIXED-LENGTH DATA ELEMENTS--GENERAL INFORMATION
fixed length control field 260428b |||||||| |||| 00| 0 eng d
020 ## - INTERNATIONAL STANDARD BOOK NUMBER
International Standard Book Number 9789712367380
040 ## - CATALOGING SOURCE
Original cataloging agency DWCL Main Lib.
Transcribing agency OC
082 ## - DEWEY DECIMAL CLASSIFICATION NUMBER
Classification number Fil. 170 P485 2014
100 ## - MAIN ENTRY--PERSONAL NAME
Personal name Punsalan, Tiwila G.
245 ## - TITLE STATEMENT
Title Pagpapakatao :
Remainder of title batayang kagamitang pampagtuturo /
Statement of responsibility, etc. Tiwila G. Punsalan [and three others]
250 ## - EDITION STATEMENT
Edition statement Unang edisyon.
260 ## - PUBLICATION, DISTRIBUTION, ETC.
Place of publication, distribution, etc. Quezon City, Philippines :
Name of publisher, distributor, etc. Rex Book Store,
Date of publication, distribution, etc. c2014.
300 ## - PHYSICAL DESCRIPTION
Extent vi, 441 pages :
Other physical details illustrations ;
Dimensions 26 cm.
490 ## - SERIES STATEMENT
Series statement RBS Serye sa Edukasyon sa Pagpapahalaga.
650 ## - SUBJECT ADDED ENTRY--TOPICAL TERM
Topical term or geographic name entry element 1. Moral Education.
942 ## - ADDED ENTRY ELEMENTS (KOHA)
Source of classification or shelving scheme Dewey Decimal Classification
Koha item type Book-Filipiniana
Suppress in OPAC No
952 ## - LOCATION AND ITEM INFORMATION (KOHA)
--
Holdings
Withdrawn status Lost status Source of classification or shelving scheme Damaged status Not for loan Home library Current library Shelving location Date acquired Source of acquisition Total Checkouts Full call number Barcode Date last seen Copy number Price effective from Koha item type Uniform Resource Identifier
    Dewey Decimal Classification     Junior High School Library Junior High School Library Filipiniana 07/02/2016 Evaluation copy   Fil. 170 P485 2014 JHS - 18097 04/28/2026 c1 04/28/2026 BK-FIL